[Event "LTU-chT"]
[Site "Lithuania"]
[Date "2014.03.15"]
[Round "6.1"]
[White "Grybas, Gintaras"]
[Black "Stalemekas, Ernestas"]
[Result "1/2-1/2"]
[WhiteElo "2004"]
[BlackElo "2156"]
[PlyCount "64"]
[EventDate "2014.01.25"]
[EventType "team-swiss"]
[EventRounds "7"]
[EventCountry "LTU"]
[SourceTitle "EXT 2015"]
[Source "ChessBase"]
[SourceDate "2014.11.20"]
[SourceVersion "1"]
[SourceVersionDate "2014.11.20"]
[SourceQuality "1"]
[WhiteTeam "Vilnius LASF"]
[BlackTeam "Rokiskis"]
[WhiteTeamCountry "LTU"]
[BlackTeamCountry "LTU"]

1. d4 Nf6 2. c4 c5 3. dxc5 e6 4. Nc3 Bxc5 5. Nf3 Nc6 6. e3 0-0 7. Be2 d5 8. cxd5 Nxd5 9. Nxd5 exd5 10. 0-0 d4 11. exd4 Nxd4 12. Nxd4 Bxd4 13. Bf3 Qf6 14. Qb3 Re8 15. Be3 Bxb2 16. Rab1 Be5 17. Bxb7 Rb8 18. Qa4 Bf5 19. Rbc1 Re7 20. Bf3 g5 21. Bxa7 Rb2 22. Bc5 Rd7 23. Ba3 Rxa2 24. Rc8+ Rd8 25. Rxd8+ Qxd8 26. Qb4 Kg7 27. Bc1 g4 28. Bxg4 Bd3 29. Qb3 Ra1 30. Rd1 Qc7 31. Qxd3 Rxc1 32. Rxc1 Qxc1+ 1/2-1/2

[Event "LTU-chT"]
[Site "Vilnius"]
[Date "2013.02.09"]
[Round "4.1"]
[White "Sulskis, Sarunas"]
[Black "Stalemekas, Ernestas"]
[Result "1-0"]
[WhiteElo "2550"]
[BlackElo "2152"]
[PlyCount "65"]
[EventDate "2013.01.19"]
[EventType "team-swiss"]
[EventRounds "7"]
[EventCountry "LTU"]
[SourceTitle "CBM 152 Extra"]
[Source "ChessBase"]
[SourceDate "2013.02.25"]
[SourceVersion "1"]
[SourceVersionDate "2013.02.25"]
[SourceQuality "1"]
[WhiteTeam "Kaunas Margiris"]
[BlackTeam "Rokiskis"]
[WhiteTeamCountry "LTU"]
[BlackTeamCountry "LTU"]

1. c4 Nf6 2. Nc3 g6 3. e4 d6 4. d4 Bg7 5. Nf3 0-0 6. h3 Nc6 7. Be3 e5 8. d5 Ne7 9. g4 Ne8 10. Rg1 f5 11. gxf5 gxf5 12. exf5 Nxf5 13. Bg5 Qd7 14. Bd3 Qf7 15. Qe2 Kh8 16. 0-0-0 c6 17. Kb1 Nd4 18. Nxd4 exd4 19. Ne4 cxd5 20. cxd5 Qxd5 21. Bc4 Qxe4+ 22. Qxe4 Bf5 23. Rxd4 Bxe4+ 24. Rxe4 Rc8 25. Be6 Rc7 26. Be3 b6 27. Reg4 Re7 28. Bb3 Nc7 29. Bh6 Ne8 30. f4 Rf5 31. R4g2 Rh5 32. Bg5 Rd7 33. Ba4 1-0

[Event "Panevezys op-A 24th"]
[Site "Panevezys"]
[Date "2011.08.10"]
[Round "2"]
[White "Beinoras, Mindaugas"]
[Black "Stalemekas, Ernestas"]
[Result "1-0"]
[WhiteElo "2331"]
[BlackElo "2131"]
[PlyCount "57"]
[EventDate "2011.08.09"]
[EventType "swiss"]
[EventRounds "9"]
[EventCountry "LTU"]
[SourceTitle "CBM 143 Extra"]
[Source "ChessBase"]
[SourceDate "2011.08.29"]
[SourceVersion "1"]
[SourceVersionDate "2011.08.29"]
[SourceQuality "1"]

1. d4 Nf6 2. c4 g6 3. Nc3 Bg7 4. e4 d6 5. f3 0-0 6. Be3 Nbd7 7. Qd2 c5 8. Nh3 Qa5 9. Be2 cxd4 10. Bxd4 Ne5 11. Nf2 Be6 12. Nd5 Qxd2+ 13. Kxd2 Nxd5 14. exd5 Nxf3+ 15. Bxf3 Bxd4 16. dxe6 Bxf2 17. exf7+ Kxf7 18. Rhf1 Bd4 19. Bxb7+ Kg7 20. Bxa8 Rxa8 21. Rae1 e5 22. Rf3 a5 23. b3 a4 24. b4 a3 25. Ref1 Rb8 26. Rb3 g5 27. Kd3 Bb2 28. b5 Rc8 29. b6 1-0

[Event "LTU-chT2 1011"]
[Site "Lithuania"]
[Date "2010.12.12"]
[Round "4.32"]
[White "Stalemekas, Ernestas"]
[Black "Jukna, Gaivaldas"]
[Result "1-0"]
[WhiteElo "2115"]
[BlackElo "1923"]
[PlyCount "53"]
[EventDate "2010.11.06"]
[EventType "team-tourn"]
[EventRounds "9"]
[EventCountry "LTU"]
[SourceTitle "EXT 2012"]
[Source "ChessBase"]
[SourceDate "2011.11.24"]
[SourceVersion "1"]
[SourceVersionDate "2011.11.24"]
[SourceQuality "1"]

1. d4 d6 2. c4 g6 3. e4 Bg7 4. Be2 Nd7 5. Nf3 e5 6. d5 Nc5 7. Nc3 f5 8. exf5 gxf5 9. Ng5 Nf6 10. Bh5+ Kf8 11. 0-0 Bd7 12. b4 Nxh5 13. Qxh5 Be8 14. Qh3 h6 15. Qxf5+ Qf6 16. Qxf6+ Bxf6 17. bxc5 hxg5 18. Ne4 Be7 19. Bxg5 b5 20. f4 Bxg5 21. fxe5+ Ke7 22. exd6+ cxd6 23. Nxg5 dxc5 24. Rae1+ Kd7 25. cxb5 Kd6 26. Rf5 Rd8 27. Rf6+ 1-0

[Event "Panevezys op-A"]
[Site "Panevezys"]
[Date "2008.08.13"]
[Round "2"]
[White "Batkovskyte, Dominyka"]
[Black "Stalemekas, Ernestas"]
[Result "0-1"]
[WhiteElo "1934"]
[BlackElo "2151"]
[PlyCount "112"]
[EventDate "2008.08.12"]
[EventType "swiss"]
[EventRounds "9"]
[EventCountry "LTU"]
[SourceTitle "CBM 125 Extra"]
[Source "ChessBase"]
[SourceDate "2008.09.01"]
[SourceVersion "1"]
[SourceVersionDate "2008.09.01"]
[SourceQuality "1"]

1. d4 Nf6 2. c4 g6 3. Nc3 Bg7 4. Nf3 0-0 5. Bg5 h6 6. Bh4 c6 7. e3 d6 8. Be2 Nbd7 9. Qc2 Re8 10. Rd1 Qa5 11. 0-0 Nf8 12. a3 Rb8 13. b4 Qc7 14. c5 a6 15. a4 g5 16. Bg3 Nh5 17. cxd6 exd6 18. Rc1 Nxg3 19. hxg3 Qe7 20. b5 axb5 21. axb5 Bd7 22. Qb3 h5 23. Nd2 g4 24. Nde4 Ng6 25. Qb4 Bf8 26. b6 f5 27. Nd2 Qf6 28. Qb3+ Kg7 29. Bd3 d5 30. Na4 Bd6 31. Nc5 Bc8 32. Rfe1 h4 33. Nf1 Rh8 34. Ra1 Ne7 35. Ra7 Qh6 36. gxh4 Qxh4 37. Ng3 Qh2+ 38. Kf1 Bxg3 39. fxg3 Qxg3 40. Ke2 Qxg2+ 41. Kd1 Rh1 42. Rxh1 Qxh1+ 43. Kd2 g3 44. Be2 g2 45. Bf3 g1Q 46. Bxh1 Qxh1 47. Qa3 Qg2+ 48. Kc3 Qe2 49. Nd3 Qxe3 50. Qd6 c5 51. Qxc5 Bd7 52. Qd6 Rc8+ 53. Kb4 Nc6+ 54. Ka3 Qxd3+ 55. Kb2 Qxd4+ 56. Ka3 Qc3+ 0-1